000 00533nam a22001817a 4500
999 _c32
_d32
003 AR-CdUCM
008 190220b ||||| |||| 00| 0 spa d
040 _aMUNICIPALIDAD PROVINCIAL DEL CUSCO
_cBIBLIOTECA MUNICIPAL DEL CUSCO
082 _a868.69 /
_bV23
100 _aValle Inclán, Ramón del
_9167
245 _aTirano Banderas /
260 _aLima :
_bPopulibros Peruanos,
300 _a178 páginas ;
_c17 cm.
650 _aNovelas de costumbres
_9168
650 _aLiteratura peruana
_9169
942 _2ddc
_cLIBROS
945 _azta